‏‏نواے مسلم / (Record no. 189610)

MARC details
000 -LEADER
fixed length control field 00619nam a22001937a 4500
005 - DATE AND TIME OF LATEST TRANSACTION
control field 20220707113439.0
010 ## - LCCN (DPL NO)
LC control number UR-11630
020 ## - INTERNATIONAL STANDARD BOOK NUMBER
International Standard Book Number 9789392496424
Terms of availability 200.00
035 ## - SYSTEM CONTROL NUMBER
System control number U-10185
037 ## - SOURCE OF ACQUISITION
Source of stock number/acquisition DBAD/PUB
Stock number -
082 ## - DEWEY DECIMAL CLASSIFICATION NUMBER
Classification number 841.08
100 ## - MAIN ENTRY--PERSONAL NAME
Personal name انعام الحق
245 ## - TITLE STATEMENT
Title ‏‏نواے مسلم /
Statement of responsibility, etc انعام الحق
Medium ا ر د و
246 ## - VARYING FORM OF TITLE
Title proper/short title Nawa-E-Muslim /
Remainder of title by Inamul Haque
260 ## - PUBLICATION, DISTRIBUTION, ETC. (IMPRINT)
Place of publication, distribution, etc New Delhi
Name of publisher, distributor, etc Educational Publishing House
Date of publication, distribution, etc 2021 ء
270 ## - ADDRESS
Address H.o. D1/16, Ansari Road, Daryaganj
City New Delhi
Postal code 110002
300 ## - PHYSICAL DESCRIPTION
Extent 168 ص
Dimensions 22cm(Hb)
942 ## - ADDED ENTRY ELEMENTS (KOHA)
Source of classification or shelving scheme Dewey Decimal Classification
Item type Urdu Bks
Classification part 841.08
Call number suffix ا ن ع
Holdings
Withdrawn status Lost status Not for loan Collection code Home library Current library Date acquired Source of acquisition Cost, normal purchase price Full call number Barcode Copy number Cost, replacement price Koha item type
      Non-fiction Central Library Central Library 07/07/2022 DBAD/PUB 200.00 841.08 ا ن ع U-10185 1 200.00 Urdu Bks

© Delhi Public Library
Hit Counter
free hit counter